| 000 | 00858cam a2200289ui 4500 | ||
|---|---|---|---|
| 999 |
_c200429197 _d47121 |
||
| 001 | 200429197 | ||
| 003 | TR-AnTOB | ||
| 005 | 20230908164911.0 | ||
| 007 | ta | ||
| 008 | 170301s2015 tu d tur d | ||
| 020 | _a9786059146135 | ||
| 040 |
_aTR-AnTOB _beng _cTR-AnTOB _erda |
||
| 041 | 0 | _atur | |
| 050 | 0 | 0 | _aHJ2599.5 |
| 090 |
_aHJ2599.5 _b.K3797 2015 |
||
| 100 | 1 |
_aKaryağdı, Nazmi, _d1968- _eauthor _932825 |
|
| 245 | 1 |
_aVergi satan adamlar / _cNazmi Karyağdı. |
|
| 264 |
_aİstanbul: _bMaliye Hesap Uzmanları Derneği, _c2015. |
||
| 300 |
_axii, 156 pages : _bgraphics ; _c20 cm. |
||
| 336 |
_atext _2rdacontent _btxt |
||
| 337 |
_aunmediated _2radmedia _bn |
||
| 338 |
_avolume _2rdacarrier _bnc |
||
| 650 | 0 | 0 |
_aTaxation _zTurkey _987333 |
| 650 | 7 |
_aVergilendirme _zTürkiye _2 _987331 |
|
| 942 |
_2lcc _cBK |
||